000 00439nam a2200169Ia 4500
008 230524s9999 xx 000 0 und d
020 _a9788131512430
082 _bFIO
100 _aJames M.Fiore
_942817
245 0 _aOp Amps and Linear Integrated Circuits: Concepts and Application
250 _a2
260 _aNew Delhi
_bCengage
_c2014
300 _a507p;
500 _aQuantity Number: 1
650 _aMechanics
942 _cBK
999 _c57790
_d57790